KATSEYE - Poupées Monster Highs - Statistiques

Statistiques générales
  • Ce quiz a été pris 17 fois
  • Le résultat moyen est 3 sur 6
Statistiques - réponses
Par images Réponse % Correct
Loup-garou
93%
Mami Wata / Monstre marin
57%
Húli Jīng
43%
Jangsanbeom
36%
Manananggal
36%
Rakshasa
36%
Aucun quiz correspondant
Distribution des résultats
% des personnes avec chaque résultat
Percentile par nombre de réponses
Votre historique - résultats
Vous n’avez pas pris ce quiz